| 000 | 00914nam a2200241Ia 4500 | ||
|---|---|---|---|
| 008 | 240619s9999 xx 000 0 und d | ||
| 020 | _a978-9919-517-96-0 | ||
| 035 | _a7318 | ||
| 040 |
_aGS0142000 _bmon _cMN-UlNLM _dMN-UlNLM _erda |
||
| 041 | _amon | ||
| 042 | _a12512 | ||
| 084 |
_2NNA _a84(4Гер) _bК-98 |
||
| 100 | _aКэстнер Э. | ||
| 245 | 0 | _aНисдэг анги | |
| 264 |
_aУлаанбаатар _bМон судар ХХК _c2022 |
||
| 300 | _a213х. | ||
| 336 |
_2rdacontent _atext _btxt |
||
| 337 |
_2rdamedia _aunmediated _bn |
||
| 338 |
_2rdacarrier _avolume _bnc |
||
| 650 | _aЗохиолд сургуулийнхаа дотуур байранд амьдардаг хэсэг найзуудын зул сарын баярын өмнөхөн өрнөсөн хөгжилтэй, адал явдлаар дүүрэн, ... | ||
| 942 |
_2NNA _cBK |
||
| 999 |
_c901963 _d902020 |
||